Political parties of the world. (Record no. 1905)
[ view plain ]
| 000 -LEADER | |
|---|---|
| fixed length control field | 01142nam a2200349 a 4500 |
| 001 - CONTROL NUMBER | |
| control field | 1205438 |
| 003 - CONTROL NUMBER IDENTIFIER | |
| control field | OSt |
| 005 - DATE AND TIME OF LATEST TRANSACTION | |
| control field | 20230620160746.0 |
| 008 - FIXED-LENGTH DATA ELEMENTS--GENERAL INFORMATION | |
| fixed length control field | 980512s1996 enk r 001 0 eng d |
| 010 ## - LIBRARY OF CONGRESS CONTROL NUMBER | |
| LC control number | 98149565 |
| 015 ## - NATIONAL BIBLIOGRAPHY NUMBER | |
| National bibliography number | GB97-6935 |
| 020 ## - INTERNATIONAL STANDARD BOOK NUMBER | |
| International Standard Book Number | 1860670296 |
| 035 ## - SYSTEM CONTROL NUMBER | |
| System control number | (OCoLC)36387651 |
| 040 ## - CATALOGING SOURCE | |
| Original cataloging agency | Uk |
| Transcribing agency | Uk |
| Modifying agency | OrU |
| -- | DLC |
| 042 ## - AUTHENTICATION CODE | |
| Authentication code | lccopycat |
| 082 00 - DEWEY DECIMAL CLASSIFICATION NUMBER | |
| Classification number | 324.2 |
| Item number | DAY |
| 100 1# - MAIN ENTRY--PERSONAL NAME | |
| Personal name | Day, Alan J. |
| Fuller form of name | (Alan John) |
| 245 10 - TITLE STATEMENT | |
| Title | Political parties of the world. |
| 250 ## - EDITION STATEMENT | |
| Edition statement | 4th ed. / |
| Remainder of edition statement | compiled and edited by Alan J. Day, Richard German, and John Campbell ; contributing editor, Ciarán Ó Maoláin. |
| 260 ## - PUBLICATION, DISTRIBUTION, ETC. (IMPRINT) | |
| Place of publication, distribution, etc. | London : |
| Name of publisher, distributor, etc. | Cartermill ; |
| Place of publication, distribution, etc. | New York : |
| Name of publisher, distributor, etc. | Stockton Press, |
| Date of publication, distribution, etc. | 1996. |
| 300 ## - PHYSICAL DESCRIPTION | |
| Extent | ix, 683 p. ; |
| Dimensions | 26 cm. |
| 500 ## - GENERAL NOTE | |
| General note | Previous ed.: 1988. |
| 500 ## - GENERAL NOTE | |
| General note | Includes index. |
| 650 #0 - SUBJECT ADDED ENTRY--TOPICAL TERM | |
| Topical term or geographic name as entry element | Political parties |
| General subdivision | Directories. |
| 700 1# - ADDED ENTRY--PERSONAL NAME | |
| Personal name | German, Richard. |
| 700 1# - ADDED ENTRY--PERSONAL NAME | |
| Personal name | Campbell, John |
| Fuller form of name | (John R. E.) |
| 700 1# - ADDED ENTRY--PERSONAL NAME | |
| Personal name | Ó Maoláin, Ciarán. |
| 906 ## - LOCAL DATA ELEMENT F, LDF (RLIN) | |
| a | 7 |
| b | cbc |
| c | copycat |
| d | 3 |
| e | ncip |
| f | 19 |
| g | y-gencatlg |
| 942 ## - ADDED ENTRY ELEMENTS (KOHA) | |
| Source of classification or shelving scheme | Dewey Decimal Classification |
| Koha item type | Books |
| Withdrawn status | Lost status | Source of classification or shelving scheme | Damaged status | Not for loan | Home library | Current library | Date acquired | Total Checkouts | Full call number | Barcode | Date last seen | Price effective from | Koha item type |
|---|---|---|---|---|---|---|---|---|---|---|---|---|---|
| Dewey Decimal Classification | County Hall Archives | County Hall Archives | 06/20/2023 | 324.2 DAY | 100005500 | 06/20/2023 | 06/20/2023 | Books |
